000 00550nam a2200205Ia 4500
003 GCL
008 140319s9999 xx 000 0 eng d
040 _aGCL /
_cGCL
082 0 4 _aP
_b070
_bM S
100 1 _aMILLET,B
245 1 0 _aSAMIR MICKEY SINDBAD ET LES AUTRES HISTIRE DE LA PRESSE ENFANTINE EN EGYPTE /
_cMILLET,B
260 _a[S.N] :
_bCEDEJ ،
_c1987
300 _a261 P
650 0 4 _aCHILDREN
650 0 4 _aEGYPT
650 0 4 _aJOURNALISM
650 0 4 _aAYYUBID PERIOD
650 0 4 _aCENTRE D ETUDES ET DE DOCUMENT
942 _2ddc
_cCR
999 _c25869
_d25869